[Event "DVM U16 2003"]
[Site "Greifswald GER"]
[Date "2003.12.30"]
[Round "7"]
[White "Nautsch, Andreas"]
[Black "Klug, Alexander"]
[Result "0-1"]
[Termination "normal"]
[Board "9.3"]
[WhiteElo "1139"]
[BlackElo "1704"]
[WhiteTeam "Schachverein Gryps 2"]
[BlackTeam "SF Brackel 30"]
[PlyCount "43"]
[EventCountry "GER"]
[EventRounds "7"]
[EventType "team-swiss"]
[EventDate "2003.12.26"]

1. e4 e6 2. d4 d5 3. Nc3 Nf6 4. Bg5 dxe4 5. Nxe4 Be7 6. Nxf6+ Bxf6 7. Bxf6 Qxf6
8. Nf3 O-O 9. Bc4 b6 10. Qe2 Bb7 11. Qe5 Qe7 12. d5 Qb4+ 13. Nd2 exd5 14. Bxd5
Nd7 15. Qxc7 Bxd5 16. Qxd7 Rfe8+ 17. Kd1 Bxg2 18. Rg1 Bf3+ 19. Kc1 Rad8 20. c3
Qf4 21. Qxa7 Qxd2+ 22. Kb1 0-1

[Event "DVM U16 2003"]
[Site "Greifswald GER"]
[Date "2003.12.30"]
[Round "7"]
[White "Schöttler, Richard"]
[Black "Tsoumanis, Konstantinos"]
[Result "1-0"]
[Termination "normal"]
[Board "9.4"]
[WhiteElo "1590"]
[BlackElo "984"]
[WhiteTeam "SF Brackel 30"]
[BlackTeam "Schachverein Gryps 2"]
[PlyCount "81"]
[EventCountry "GER"]
[EventRounds "7"]
[EventType "team-swiss"]
[EventDate "2003.12.26"]

1. e4 e5 2. Nf3 Nc6 3. Bc4 Bc5 4. c3 Nf6 5. d4 exd4 6. e5 Ng4 7. Bxf7+ Kxf7 8.
Ng5+ Ke8 9. Qxg4 d6 10. e6 Ne5 11. Qh3 h6 12. f4 Rf8 13. Nh7 Rg8 14. fxe5 dxe5
15. Qh5+ Ke7 16. Ng5 Bxe6 17. Nxe6 Kxe6 18. Bd2 dxc3 19. Nxc3 Bf2+ 20. Kd1 Qd7
21. Qg4+ Ke7 22. Qxd7+ Kxd7 23. Kc2 Rgf8 24. Rhf1 Bd4 25. Kd3 Rad8 26. Ke2 c5
27. Rxf8 Rxf8 28. Rf1 Rxf1 29. Kxf1 b6 30. Ke2 Kd6 31. Be3 Bxc3 32. bxc3 Kd5
33. Kd3 e4+ 34. Kc2 a5 35. Kb3 b5 36. c4+ bxc4+ 37. Kc3 g5 38. g4 a4 39. a3 Kd6
40. Kxc4 Ke5 41. Kxc5 1-0

[Event "DVM U16 2003"]
[Site "Greifswald GER"]
[Date "2003.12.30"]
[Round "7"]
[White "Ihl, Thomas"]
[Black "Galbraith, Martin"]
[Result "1/2-1/2"]
[Termination "normal"]
[Board "10.1"]
[WhiteElo "1707"]
[BlackElo "2095"]
[WhiteTeam "SC Rochade Saarlouis 93"]
[BlackTeam "SK Gau-Algesheim"]
[PlyCount "82"]
[BlackFideId "4697448"]
[EventCountry "GER"]
[EventRounds "7"]
[EventType "team-swiss"]
[EventDate "2003.12.26"]

1. e4 c6 2. d4 d5 3. Nc3 dxe4 4. Nxe4 Nd7 5. Nf3 Ngf6 6. Nxf6+ Nxf6 7. Be2 Bg4
8. O-O e6 9. c3 Be7 10. h3 Bh5 11. Ne5 Bxe2 12. Qxe2 O-O 13. Bf4 Qa5 14. Rfe1
Rad8 15. a3 Nd5 16. Bh2 c5 17. dxc5 Qxc5 18. c4 Nf6 19. b4 Qc8 20. Rad1 a5 21.
c5 axb4 22. axb4 Nd5 23. Qc4 b6 24. cxb6 Bxb4 25. Qxc8 Rxc8 26. Nd7 Bxe1 27. b7
Bc3 28. Nxf8 Rxf8 29. b8=Q Rxb8 30. Bxb8 h6 31. Bg3 Kh7 32. Rb1 Kg6 33. Rb7 Bd4
34. Kf1 Bf6 35. Ke2 Ba1 36. Kf3 Bc3 37. Bf4 Ba1 38. Be3 Bc3 39. Ke4 Nf6+ 40.
Kd3 Nd5 41. g3 Bf6 1/2-1/2

[Event "DVM U16 2003"]
[Site "Greifswald GER"]
[Date "2003.12.30"]
[Round "7"]
[White "Becker, Matthias"]
[Black "Thiery, Ian"]
[Result "1/2-1/2"]
[Termination "normal"]
[Board "10.2"]
[WhiteElo "1486"]
[BlackElo "1602"]
[WhiteTeam "SK Gau-Algesheim"]
[BlackTeam "SC Rochade Saarlouis 93"]
[PlyCount "78"]
[WhiteFideId "24625850"]
[EventCountry "GER"]
[EventRounds "7"]
[EventType "team-swiss"]
[EventDate "2003.12.26"]

1. e4 c5 2. Nc3 d6 3. f4 Nc6 4. Nf3 Nf6 5. Bb5 a6 6. Bxc6+ bxc6 7. d3 e6 8. O-O
Be7 9. Qe1 O-O 10. h3 Ne8 11. g4 f5 12. exf5 exf5 13. g5 g6 14. b3 Ng7 15. Bb2
Re8 16. Qd2 Ra7 17. Rae1 Nh5 18. Rf2 Bf8 19. Rfe2 Rae7 20. Rxe7 Rxe7 21. Rxe7
Qxe7 22. Ne2 Bg7 23. Bxg7 Nxg7 24. Kf2 Kf7 25. h4 Ne6 26. Qc3 Kg8 27. a3 Nc7
28. Qd2 Kf7 29. a4 Nd5 30. Nc3 Bb7 31. Nxd5 cxd5 32. Qe1 d4 33. Qxe7+ Kxe7 34.
Nd2 Bd5 35. Nc4 Bxc4 36. bxc4 Kd7 37. a5 Kc6 38. Ke2 d5 39. Kd2 dxc4 1/2-1/2

[Event "DVM U16 2003"]
[Site "Greifswald GER"]
[Date "2003.12.30"]
[Round "7"]
[White "Loew, Frederic"]
[Black "Ozga, Christian"]
[Result "1/2-1/2"]
[Termination "normal"]
[Board "10.3"]
[WhiteElo "1456"]
[BlackElo "1253"]
[WhiteTeam "SC Rochade Saarlouis 93"]
[BlackTeam "SK Gau-Algesheim"]
[PlyCount "87"]
[EventCountry "GER"]
[EventRounds "7"]
[EventType "team-swiss"]
[EventDate "2003.12.26"]

1. d4 d5 2. c4 e6 3. Nc3 Nf6 4. Bf4 Bd6 5. Bxd6 Qxd6 6. c5 Qd8 7. e3 Bd7 8. Bd3
O-O 9. Nf3 h6 10. O-O a6 11. Re1 Bc6 12. e4 dxe4 13. Nxe4 Bxe4 14. Bxe4 Nxe4
15. Rxe4 Nc6 16. Qd2 Qf6 17. Rae1 Rfd8 18. Rf4 Qe7 19. Rg4 Kh8 20. Rh4 Kg8 21.
Rg4 Kh8 22. Ne5 Nxe5 23. Rxe5 Rd5 24. Re3 Rg5 25. Reg3 Rxg4 26. Rxg4 Rd8 27. h3
Qf6 28. a4 c6 29. b4 e5 30. dxe5 Rxd2 31. exf6 gxf6 32. Re4 Rd7 33. Kh2 Kg7 34.
Kg3 f5 35. Re5 Kf6 36. Re3 Rd4 37. Rb3 Rc4 38. b5 a5 39. bxc6 bxc6 40. Rb6 Rxc5
41. Kf3 Ke6 42. Ke3 Kd5 43. Ra6 Kc4 44. Rb6 1/2-1/2

[Event "DVM U16 2003"]
[Site "Greifswald GER"]
[Date "2003.12.30"]
[Round "7"]
[White "Grieb, Tobias"]
[Black "Schwanengel, Moritz"]
[Result "0-1"]
[Termination "normal"]
[Board "10.4"]
[WhiteElo "973"]
[BlackElo "1184"]
[WhiteTeam "SK Gau-Algesheim"]
[BlackTeam "SC Rochade Saarlouis 93"]
[PlyCount "70"]
[WhiteFideId "1270616"]
[EventCountry "GER"]
[EventRounds "7"]
[EventType "team-swiss"]
[EventDate "2003.12.26"]

1. e4 c5 2. Nf3 d6 3. Bc4 Nf6 4. O-O Nxe4 5. d3 Nf6 6. Nc3 g6 7. Bg5 Bg7 8. Re1
O-O 9. Qd2 Nc6 10. Rab1 Re8 11. Bh6 e6 12. Ne4 d5 13. Nxf6+ Bxf6 14. Bb3 a6 15.
Bg5 Bxg5 16. Nxg5 Nd4 17. Re3 Qxg5 18. c3 Nxb3 19. axb3 d4 20. Re2 Qxd2 21.
Rxd2 e5 22. Re1 Bf5 23. f3 Rad8 24. g4 dxc3 25. bxc3 Rxd3 26. Rxd3 Bxd3 27. f4
e4 28. Kf2 a5 29. h4 Rc8 30. h5 c4 31. h6 cxb3 32. f5 b2 33. fxg6 hxg6 34. Rh1
b1=Q 35. h7+ Kg7 0-1